00853nam a22002177a 450000500170000001000150001702000260003203500140005803700090007208200140008110000240009524500480011925000060016726000360017327001520020930000200036150000510038194200250043299900190045795201590047620260616105944.0 aENG-148856 c400.00a9788119664870 aEN-132388 bDBAD a280.6121 aRoy Lazer A.989399 aA Theory of Religious Praxis/cRoy Lazer A. a1 bATC PublishersaBengaluruc2024 aSt's Mary Block, Archdiocesan,Pastoral Center,#5, Nandidurga Road,Benson TownbBengalurue560046k+918025491999k7090100444minfo@atcpublishers.com a349p.c21cm(pb) aAn introduction To Practical Theology in India 2ddccENh280.61mROY c216674d216674 001040718NFICaDBADbDBADd2026-06-16eDelivery of Books Act Divisiong400.00l0o280.61 ROYpEN-132388r2026-06-16 11:00:19t1v400.00w2026-06-16yEN